| 000 | 00407nam a2200145 4500 | ||
|---|---|---|---|
| 001 | 144443 | ||
| 003 | ES-MaACL | ||
| 005 | 20230906201022.0 | ||
| 007 | t| | ||
| 008 | 070214s1927 mx r ||||1| spa d | ||
| 245 | 0 | 3 | _aEl sistema de escuelas rurales en México. |
| 260 |
_aMéxico : _b[s. n.], _c1927 ( _fTalleres Gráficos de la Nación) |
||
| 300 |
_a358 p. ; _c34 x 24 cm. |
||
| 852 |
_aES-MaACL _jB-12013 |
||
| 999 |
_c144443 _d144443 |
||